000 00379nam a2200157Ia 4500
008 231217s9999 xx 000 0 und d
041 _aEnglish
082 _a001.6424C RED;1 `R'
100 _aReddy, A M Padma.
245 0 _aSystematic approach to C
250 _a1st ed.
260 _c1999
_bSri Nandi
300 _a240
650 _aSystematic,approach,c
942 _cAA
999 _c168568
_d168568